Smartest and Dumbest US States Quiz - Statistics

General Stats
  • This quiz has been taken 65 times
  • The average score is 14 of 20
Answer Stats
Hint Answer % Correct
95.5 California
96%
104 Massachusetts
81%
95.7 Alabama
80%
103 Maine
78%
104 Minnesota
78%
104 Vermont
76%
94.2 Mississippi
74%
95.7 New Mexico
74%
104 New Hampshire
72%
97.5 Arkansas
70%
103 Montana
70%
94.5 Nevada
67%
104 North Dakota
65%
97.7 Tennessee
63%
95.3 Louisiana
61%
97.4 Arizona
59%
103 Iowa
59%
103 Wisconsin
59%
95.6 Hawaii
57%
103 Connecticut
54%
No matching quizzes found
Score Distribution
Percent of People with Each Score
Percentile by Number Answered
Your Score History
You have not taken this quiz